<?xml version="1.0" encoding="UTF-8"?>
<record
    xmlns:xsi="http://www.w3.org/2001/XMLSchema-instance"
    xsi:schemaLocation="http://www.loc.gov/MARC21/slim http://www.loc.gov/standards/marcxml/schema/MARC21slim.xsd"
    xmlns="http://www.loc.gov/MARC21/slim">

  <leader>01197nam a2200181Ia 4500</leader>
  <controlfield tag="008">151202s9999||||xx |||||||||||||| ||und||</controlfield>
  <datafield tag="082" ind1=" " ind2=" ">
    <subfield code="b">PNVM-124690</subfield>
  </datafield>
  <datafield tag="100" ind1=" " ind2=" ">
    <subfield code="a">&#x938;&#x902;&#x92A;&#x93E;. &#x915;&#x930;&#x92E;&#x930;&#x915;&#x930; &#x906;&#x930;. &#x921;&#x940;.</subfield>
  </datafield>
  <datafield tag="245" ind1=" " ind2=" ">
    <subfield code="a">&#x938;&#x902;&#x938;&#x94D;&#x915;&#x943;&#x924; &#x935;&#x947;&#x91A;&#x947; &#x92E;&#x941;&#x902;&#x92C;&#x908; &#x935;&#x93F;&#x926;&#x94D;&#x92F;&#x93E;&#x92A;&#x940;&#x920; &#x92E;&#x945;&#x91F;&#x94D;&#x930;&#x93F;&#x915;&#x94D;&#x92F;&#x941;&#x932;&#x947;&#x936;&#x928; &#x92A;&#x930;&#x940;&#x915;&#x94D;&#x937;&#x93E; 1936&#x915;&#x930;&#x93F;&#x924;&#x93E;&#x928;&#x947;&#x92E;&#x932;&#x947;&#x932;&#x947; 12 &#x917;&#x926;&#x94D;&#x92F; 5 &#x92A;&#x926;&#x94D;&#x92F;.</subfield>
  </datafield>
  <datafield tag="260" ind1=" " ind2=" ">
    <subfield code="b">"&#x915;&#x947;&#x936;&#x935; &#x92D;&#x93F;&#x915;&#x93E;&#x91C;&#x940; &#x922;&#x935;&#x933;&#x947;,&#x917;&#x93F;&#x930;&#x917;&#x93E;&#x902;&#x935; &#x92E;&#x941;&#x902;&#x92C;&#x908;."</subfield>
  </datafield>
  <datafield tag="260" ind1=" " ind2=" ">
    <subfield code="c">1937</subfield>
  </datafield>
  <datafield tag="300" ind1=" " ind2=" ">
    <subfield code="a">44</subfield>
  </datafield>
  <datafield tag="600" ind1=" " ind2=" ">
    <subfield code="a">&#x938;&#x902;&#x92A;&#x93E;. &#x915;&#x930;&#x92E;&#x930;&#x915;&#x930; &#x906;&#x930;. &#x921;&#x940;.</subfield>
  </datafield>
  <datafield tag="630" ind1=" " ind2=" ">
    <subfield code="a">&#x938;&#x902;&#x938;&#x94D;&#x915;&#x943;&#x924; &#x935;&#x947;&#x91A;&#x947; &#x92E;&#x941;&#x902;&#x92C;&#x908; &#x935;&#x93F;&#x926;&#x94D;&#x92F;&#x93E;&#x92A;&#x940;&#x920; &#x92E;&#x945;&#x91F;&#x94D;&#x930;&#x93F;&#x915;&#x94D;&#x92F;&#x941;&#x932;&#x947;&#x936;&#x928; &#x92A;&#x930;&#x940;&#x915;&#x94D;&#x937;&#x93E; 1936&#x915;&#x930;&#x93F;&#x924;&#x93E;&#x928;&#x947;&#x92E;&#x932;&#x947;&#x932;&#x947; 12 &#x917;&#x926;&#x94D;&#x92F; 5 &#x92A;&#x926;&#x94D;&#x92F;.</subfield>
  </datafield>
  <datafield tag="700" ind1=" " ind2=" ">
    <subfield code="a">&#x938;&#x902;&#x92A;&#x93E;. &#x915;&#x930;&#x92E;&#x930;&#x915;&#x930; &#x906;&#x930;. &#x921;&#x940;.</subfield>
  </datafield>
  <datafield tag="730" ind1=" " ind2=" ">
    <subfield code="a">&#x938;&#x902;&#x938;&#x94D;&#x915;&#x943;&#x924; &#x935;&#x947;&#x91A;&#x947; &#x92E;&#x941;&#x902;&#x92C;&#x908; &#x935;&#x93F;&#x926;&#x94D;&#x92F;&#x93E;&#x92A;&#x940;&#x920; &#x92E;&#x945;&#x91F;&#x94D;&#x930;&#x93F;&#x915;&#x94D;&#x92F;&#x941;&#x932;&#x947;&#x936;&#x928; &#x92A;&#x930;&#x940;&#x915;&#x94D;&#x937;&#x93E; 1936&#x915;&#x930;&#x93F;&#x924;&#x93E;&#x928;&#x947;&#x92E;&#x932;&#x947;&#x932;&#x947; 12 &#x917;&#x926;&#x94D;&#x92F; 5 &#x92A;&#x926;&#x94D;&#x92F;.</subfield>
  </datafield>
  <datafield tag="942" ind1=" " ind2=" ">
    <subfield code="c">BOOK</subfield>
  </datafield>
  <datafield tag="999" ind1=" " ind2=" ">
    <subfield code="c">1354818</subfield>
    <subfield code="d">1354815</subfield>
  </datafield>
  <datafield tag="952" ind1=" " ind2=" ">
    <subfield code="0">0</subfield>
    <subfield code="1">0</subfield>
    <subfield code="4">0</subfield>
    <subfield code="7">0</subfield>
    <subfield code="a">PNVM</subfield>
    <subfield code="b">PNVM</subfield>
    <subfield code="d">2015-06-21</subfield>
    <subfield code="g">0.00</subfield>
    <subfield code="l">0</subfield>
    <subfield code="o">PNVM-124690</subfield>
    <subfield code="p">PNVM-124690</subfield>
    <subfield code="r">2015-12-02 00:00:00</subfield>
    <subfield code="v">0.00</subfield>
    <subfield code="w">2015-12-02</subfield>
    <subfield code="y">BOOK</subfield>
  </datafield>
</record>
